| 000 | 00458nam a22001697a 4500 | ||
|---|---|---|---|
| 003 | SGT | ||
| 020 | _a9788131521267 | ||
| 082 | _a005.7,DRO | ||
| 100 | _aADAM DROZDEK | ||
| 245 | _aDATA STRUCTURES AND ALGORITHMS IN++ | ||
| 250 | _a4TH | ||
| 260 |
_aNEW DELHI _bCENGAGE LEARNING _c2013 |
||
| 300 | _a792 | ||
| 650 | _aCOMPUTER SCIENCE | ||
| 653 | _aORIENTED PROGRAMMING USING C++, COMPLEXITY ANALYSIS, LINKED LISTS STACKS AND QUEUES | ||
| 942 |
_2ddc _cFPS |
||
| 999 |
_c9459 _d9459 |
||